| 000 | 00432nam a2200181Ia 4500 | ||
|---|---|---|---|
| 008 | 131103s9999 xx 000 0 und d | ||
| 020 | _a747503583 | ||
| 040 | _aLoreto College | ||
| 041 | _aEnglish | ||
| 082 |
_aF/GEM _bLCLIB/45654 |
||
| 100 | _aGems, Pam | ||
| 245 |
_aMrs frampton _cPam Gems |
||
| 260 |
_aLondon _bBloomsbury _c1989 |
||
| 300 |
_a159p. _c 22cm. |
||
| 650 | _aFiction | ||
| 850 | _aLCLIB/F/GEM | ||
| 942 | _cBK | ||
| 999 |
_c35916 _d86395 |
||